000 00757nam a2200229Ia 4500
001 10008
003 GE_BSU
008 181216s||||||||xx |||||||||||||| ||und||
040 _cGE_BSU
080 _a821.353.1–32
100 _aპაპუაშვილი,გიორგი
245 _aზაფხულის ერთ დილას
245 _bმოთხრობები
245 _cრედ.ს.დემურხანაშვილი.მხატვ.ზ.რაზმაძე
260 _aთბილისი
260 _bმერანი
260 _c1969
300 _a123გვ.16სმ.
653 _aზაფხულის ერთ დილას
653 _aმოთხრობები
942 _cBK
999 _c43281
_d43281